000 00605nam a2200205Ia 4500
008 140626s9999 xx 000 0 und d
100 _aLe Poire, Beth..
245 _aAttachment as a Function of Parental and Partner Approach-Avoidance Tendencies /
_c Beth ... [et al.].Le Poire
260 _cc1997.
300 _a23 : 3, page 413
440 _aHuman Communication Research
521 _aMC
650 _aApproach-avoidance tendencies.
650 _aAttachment theory.
650 _aCommunication.
650 _aCouples.
650 _aParents.
650 _aStability issues.
942 _cSE
999 _c121232
_d121232